Southville International School and Colleges
Your cart is empty.
  • Cart
  • Lists
    Public lists Eva Luna New books Lux_list list_1
    Your lists Log in to create your own lists
  • Log in to your account
  • Your cookies
  • Search history
Southville International School and Colleges
  • Advanced search
  • Recent comments
  • Most popular
  • Libraries

Log in to your account

Log in with GOOGLE


If you do not have an external account, but do have a local account, you can still log in:

  1. Home
  2. MARC view: A case study on the use of educational audio book in enhancing the reading comprehension of young adults with visual impairment /
Normal view MARC view ISBD view

A case study on the use of educational audio book in enhancing the reading comprehension of young adults with visual impairment / (Record no. 293977)

[ view plain ]
MARC details
000 -LEADER
fixed length control field 00671nam a2200217Ia 4500
008 - FIXED-LENGTH DATA ELEMENTS--GENERAL INFORMATION
fixed length control field 160517s9999 xx 000 0 und d
050 ## - LIBRARY OF CONGRESS CALL NUMBER
Classification number LB 1050
050 ## - LIBRARY OF CONGRESS CALL NUMBER
Item number .C157 2016
100 ## - MAIN ENTRY--PERSONAL NAME
Personal name Calleja, Elly Mae M.
245 #2 - TITLE STATEMENT
Title A case study on the use of educational audio book in enhancing the reading comprehension of young adults with visual impairment /
245 ## - TITLE STATEMENT
Statement of responsibility, etc Elly Mae M. Calleja.
260 ## - PUBLICATION, DISTRIBUTION, ETC. (IMPRINT)
Place of publication, distribution, etc Las Piñas, Philippines :
260 ## - PUBLICATION, DISTRIBUTION, ETC. (IMPRINT)
Name of publisher, distributor, etc SISC,
260 ## - PUBLICATION, DISTRIBUTION, ETC. (IMPRINT)
Date of publication, distribution, etc 2016.
300 ## - PHYSICAL DESCRIPTION
Extent 74 pages :
300 ## - PHYSICAL DESCRIPTION
Other physical details illustrations ;
300 ## - PHYSICAL DESCRIPTION
Dimensions 28 cm.
500 ## - GENERAL NOTE
General note Includes bibliographical references and appendices.
521 ## - TARGET AUDIENCE NOTE
Target audience note Special Education
942 ## - ADDED ENTRY ELEMENTS (KOHA)
Koha item type Theses
Holdings
Withdrawn status Lost status Damaged status Home library Current library Shelving location Date acquired Total Checkouts Full call number Barcode Date last seen Price effective from Koha item type
      College Library College Library   05/17/2016   LB 1050 .C157 2016 T0972 05/15/2018 05/17/2016 Theses

A case study on the use of educational audio book in enhancing the reading comprehension of young adults with visual impairment /

APA

Calleja E. M. M., .A case study on the use of educational audio book in enhancing the reading comprehension of young adults with visual impairment. Las Piñas, Philippines: .

Chicago

Calleja Elly Mae M, .A case study on the use of educational audio book in enhancing the reading comprehension of young adults with visual impairment. Las Piñas, Philippines: .

Harvard

Calleja E. M. M., .A case study on the use of educational audio book in enhancing the reading comprehension of young adults with visual impairment. Las Piñas, Philippines: .

MLA

Calleja Elly Mae M, .Las Piñas, Philippines: . .

  • Print
  • Cite
  • Add to your cart (remove)
  • Save record
    BIBTEX Dublin Core MARCXML MARC (non-Unicode/MARC-8) MARC (Unicode/UTF-8) MARC (Unicode/UTF-8, Standard) MODS (XML) RIS
  • More searches
    Search for this title in:
    Other Libraries (WorldCat) Other Databases (Google Scholar) Online Stores (Bookfinder.com) Open Library (openlibrary.org)

Exporting to Dublin Core...

SOUTHVILLE LIBRARY

Southville International School and Colleges Library

1281 Tropical Ave. Cor. Luxembourg St., BF Homes International, Las Pinas City

Tel. No. 8256374 / 252358 Loc. 117/146

Powered by Koha